Statistiques concernant Quiz sur la Corse

Cliquez ici pour prendre le quiz!

Statistiques générales

  • Ce quiz a été pris 76 fois
  • Le résultat moyen est 17 sur 24

Statistiques - réponses

QuestionRéponse% Correct
Plus grande ville et l'une des deux préfecturesAjaccio
100%
Mer dans laquelle la Corse se situeMer Méditerranée
100%
Deuxième plus grande ville et autre préfectureBastia
98%
Surnom élogieux par lequel on l'appelle fréquemmentIle de {Beauté}
92%
Deux départements la constituantCorse-du-Sud
90%
Célèbre dirigeant français né dans cette villeNapoléon Ier
90%
Ile Italienne située à seulement 11 km de la CorseSardaigne
89%
Deux départements la constituantHaute-Corse
87%
Numéro départemental correspondant à la Corse20
85%
Nom de l'île en langue corseCorsica
84%
Troisième plus grande ville au sud-est, célèbre pour ses plagesPorto-Vecchio
77%
Sous-préfecture au nord-ouest, située au fond d'une baie du même nom, capitale de la BalagneCalvi
76%
Sous-préfecture située à l'intérieur des terres, considérée comme la capitale historique de la Corse, et abritant l'université régionaleCorte
74%
Ville à l'extrême sud, connue pour sa spectaculaire citadelle bâtie au sommet d'un falaise calcaireBonifacio
73%
Ce qui figure sur le drapeau corse
Tête de {maure}
73%
Sentier de randonnée traversant les montagnes corses du nord-ouest au sud-est, parfois considéré comme le plus difficile d'EuropeGR 20
68%
Ville italienne qui posséda l'île durant quatre sièclesGênes
63%
Chanteur corse dont l'interprétation de Petit Papa Noël demeure la chanson la plus vendue de l'Histoire en FranceTino Rossi
53%
Point culminant de l'ïleMonte {Cinto}
50%
Fromage frais de brebis considéré comme le "fromage national"Brocciu
48%
Formation géologique spectaculaire qui fait la renommée du littoral de PianaCalanques
45%
Autre sous-préfecture au sud-ouest, réputée pour son chœur chantant la musique polyphonique traditionnelleSartène
44%
Plante emblématique du maquis Corse, dont on utilise les baies pour produire une liqueurMyrte
32%
Plus long fleuve de Corse, prenant sa source à proximitéGolo
29%

Distribution des résultats

Percentile par nombre de réponses

% des personnes avec chaque résultat

Votre développement - résultats

Vous n’avez pas pris ce quiz